Učitavanje...

Animal Physiology

Bibliografski detalji
Glavni autor: R C Sobti
Format: Printed Book
Jezik:Undetermined
Izdano: Chandigarh 2008
Narosa Publishing House
Teme:
LEADER 00685nam a2200253Ia 4500
003 OSt
005 20151116104643.0
008 141122s9999 xx 000 0 und d
020 |a 9788173191930 
040 |c . 
041 |a English 
082 |a 591.5 
082 |b SOB/AN 
100 |a R C Sobti 
245 |a Animal Physiology 
245 |c R C Sobti 
260 |b Chandigarh 
260 |b Narosa Publishing House 
260 |c 2008 
500 |a Reference (O) 
650 |a Phisiology 
942 |c REF  |2 ddc 
999 |c 3360  |d 3360 
952 |0 0  |1 0  |2 ddc  |4 0  |6 591_500000000000000_SOBAN  |7 0  |9 3323  |a COVAS  |b COVAS  |d 0000-00-00  |l 32  |m 9  |o 591.5 SOB/AN  |p 18930  |r 2019-12-16  |s 2019-12-04  |w 2014-11-26  |y BK